000 00856nam a2200265Ia 4500
005 20220317001813.0
008 170328s2005 s o g 000 0 s
020 _a8466211918
041 _aspa
082 0 4 _a780.166
_bG72c
100 1 _aGreig, Charlotte
_d1954-2014
245 1 3 _aLos 100 discos más vendidos de los 50
_cCharlotte Greig ; traducción Inés Martín
250 _a1a. edición
300 _a224 páginas
_bfotografías en color
_c13 cm
500 _aIncluye índice
500 _aIncluye datos biográficos de la autora
650 1 4 _2LEMB
_aDiscográfica
_x1950-1959
700 1 _aMartín, Inés
_etraductora
_991132
942 _2ddc
_cBK
264 _aMadrid
_bLibsa
_cc2005
336 _atexto
_btxt
_2rdacontent
337 _asin mediación
_bn
_2rdamedia
338 _avolumen
_bnc
_2rdacarrier
040 _aCO-BoRNBP
_bspa
_erda
_cCO-BoRNBP
999 _c8149
_d8149